000 00286nam a2200121Ia 4500
008 220204s9999 xx 000 0 und d
082 _a359
_bNOE
100 _aNOEL, John V
245 0 _aDivision officer's guide
250 _aEd.8
260 _aMaryland
_bNaval Inst
_c1982
942 _cBK
999 _c38900
_d38900